Statistics for 10 Most Populous Cities that start with C

Click here to take the quiz!

General Stats

  • This quiz has been taken 29 times
  • The average score is 5 of 10

Answer Stats

HintAnswer% Correct
7,734,614Cairo
92%
7,415,590Chengdu
77%
3,433,441Cape Town
69%
4,328,063Chennai
65%
7,457,600Chongqing
65%
3,000,000Caracas
50%
3,093,980Changsha
38%
3,920,222Chittagong
31%
3,144,909Casablanca
27%
4,193,073Changchun
23%

Score Distribution

Percentile by Number Answered

Percent of People with Each Score

Your Score History

You have not taken this quiz